Вып. 4; Очерки истории российской электроники

Xehetasun bibliografikoak
Parent link:Очерки истории российской электроники/ сост. В. М. Пролейко ; под ред. Б. М. Малашевича. Вып. 4.— , 2011
Gaia:Выпуск сборника посвящен истории создания и развития отечественной электронной промышленности как самостоятельной отрасли. Выделение электронной промышленности произошло 16 марта 1961 года созданием Государственного комитета по электронной технике и назначением А.И. Шокина председателем комитета — министром электронной промышленности. С этого момента отечественная электронная промышленность развивалась стремительными темпами, войдя в тройку мировых лидеров. К сожалению, эта позиция была утрачена в годы перестройки и последующие, и лишь в последнее время наметилась тенденция к некоторому восстановлению. Целью данного сборника является желание описать истинную историю отечественной электронной промышленности и внушить читателю оптимизм по поводу будущего российской электроники.
Hizkuntza:errusiera
Argitaratua: 2011
Gaiak:
Formatua: Liburua
KOHA link:https://koha.lib.tpu.ru/cgi-bin/koha/opac-detail.pl?biblionumber=203961

MARC

LEADER 00000nam2a2200000 4500
001 203961
005 20231101225201.0
010 |a 9785948362755 
035 |a (RuTPU)RU\TPU\book\222286 
090 |a 203961 
100 |a 20111116d2011 k y0rusy50 ca 
101 0 |a rus 
102 |a RU 
105 |a a z 010zy 
200 0 |a Вып. 4 
210 |d 2011 
215 |a 624 с.  |c ил. 
330 |a Выпуск сборника посвящен истории создания и развития отечественной электронной промышленности как самостоятельной отрасли. Выделение электронной промышленности произошло 16 марта 1961 года созданием Государственного комитета по электронной технике и назначением А.И. Шокина председателем комитета — министром электронной промышленности. С этого момента отечественная электронная промышленность развивалась стремительными темпами, войдя в тройку мировых лидеров. К сожалению, эта позиция была утрачена в годы перестройки и последующие, и лишь в последнее время наметилась тенденция к некоторому восстановлению. Целью данного сборника является желание описать истинную историю отечественной электронной промышленности и внушить читателю оптимизм по поводу будущего российской электроники. 
461 1 |0 (RuTPU)RU\TPU\book\225147  |t Очерки истории российской электроники  |f сост. В. М. Пролейко ; под ред. Б. М. Малашевича  |v Вып. 4  |d 2011 
606 1 |a Электроника  |2 stltpush  |3 (RuTPU)RU\TPU\subj\20310  |9 45419 
610 1 |a Россия 
610 1 |a российская электроника 
610 1 |a история 
610 1 |a электронная промышленность 
610 1 |a полупроводниковая техника 
610 1 |a микроэлектроника 
610 1 |a СВЧ-приборы 
610 1 |a сверхвысокочастотные приборы 
610 1 |a электровакуумные приборы 
610 1 |a резисторостроение 
610 1 |a резисторы 
610 1 |a соединители 
610 1 |a переключатели 
610 1 |a трансформаторы 
610 1 |a специальное машиностроение 
610 1 |a специальное материаловедение 
610 1 |a отечественная электроника 
610 1 |a очерки 
675 |a 621.38(09)  |v 3 
801 1 |a RU  |b 63413507  |c 20111116 
801 2 |a RU  |b 63413507  |c 20130520  |g RCR 
942 |c BK 
959 |a 85/20110928  |d 1  |e 636,00  |f ЧЗТЛ:1